Zmena pracovných podmienok

Založenie pracovného pomeru pracovnou zmluvou. Subjekty a objekt pracovného pomeru. Pracovná zmluva ako dvojstranný právny úkon. Obsah pracovnej zmluvy. Zmena pracovného pomeru. Dohoda účastníkov. Zmena obsahu pracovnej zmluvy.

Gespeichert in:
Bibliographische Detailangaben
1. Verfasser: Martončíková, Petra
Format: Buchkapitel
Sprache:Slowakisch
Schlagworte:
Tags: Tag hinzufügen
Keine Tags, Fügen Sie das erste Tag hinzu!

MARC

LEADER 00000naa a2200000 4500
001 0248634
005 20181106111054.7
041 0 |a slo 
044 |a SK 
245 1 0 |a Zmena pracovných podmienok  |c Petra Martončíková 
520 |a Založenie pracovného pomeru pracovnou zmluvou. Subjekty a objekt pracovného pomeru. Pracovná zmluva ako dvojstranný právny úkon. Obsah pracovnej zmluvy. Zmena pracovného pomeru. Dohoda účastníkov. Zmena obsahu pracovnej zmluvy. 
610 2 0 |a vzťahy pracovnoprávne 
610 2 0 |a zmluvy pracovné 
610 2 0 |a zákonník práce 
610 2 0 |a pomer pracovný 
610 2 0 |a podmienky pracovné 
610 2 0 |a mzdy 
610 2 0 |a čas pracovný 
610 2 0 |a miesta pracovné 
100 1 |a Martončíková, Petra